| 000 | 00533nam a2200193Ia 4500 | ||
|---|---|---|---|
| 003 | IN-BaIIA | ||
| 008 | 211028s9999 xx 000 0 eng d | ||
| 040 | _cIIA Library | ||
| 080 |
_a523.34 _bVER |
||
| 100 |
_aVery, Frank W. _91348 |
||
| 245 | 0 |
_aOn the distribution of the moon's heat and its varion with the phase _cFrank W. Very |
|
| 260 |
_aThe Hague _bMartinus Nijhoff _c1891 |
||
| 300 | _a45p. | ||
| 650 | _aArchives | ||
| 650 |
_aLunar Theory _9694 |
||
| 650 |
_aMoon _91324 |
||
| 650 |
_aPlanetary Systems _9965 |
||
| 942 | _cBK | ||
| 999 |
_c616 _d616 |
||